Adobe XD CC Adobe XD CC Classroom in a Book (2019 Release (Record no. 16793)

MARC details
000 -LEADER
fixed length control field 00375nam a2200145Ia 4500
008 - FIXED-LENGTH DATA ELEMENTS--GENERAL INFORMATION
fixed length control field 230312s9999||||xx |||||||||||||| ||und||
020 ## - INTERNATIONAL STANDARD BOOK NUMBER
International Standard Book Number 0135619645
082 ## - DEWEY DECIMAL CLASSIFICATION NUMBER
Classification number 5105.888
Item number WOO-A
100 ## - MAIN ENTRY--PERSONAL NAME
Personal name Wood,Brain
245 #0 - TITLE STATEMENT
Title Adobe XD CC Adobe XD CC Classroom in a Book (2019 Release
260 ## - PUBLICATION, DISTRIBUTION, ETC.
Name of publisher, distributor, etc. Adobe
Place of publication, distribution, etc. USA
Date of publication, distribution, etc. 2019
300 ## - PHYSICAL DESCRIPTION
Extent 354
650 ## - SUBJECT ADDED ENTRY--TOPICAL TERM
Topical term or geographic name entry element Computer
Form subdivision Websites
942 ## - ADDED ENTRY ELEMENTS (KOHA)
Koha item type BOOK
Holdings
Withdrawn status Lost status Source of classification or shelving scheme Damaged status Not for loan Home library Current library Date acquired Total Checkouts Full call number Barcode Date last seen Price effective from Koha item type
    Dewey Decimal Classification     Superior Information Resource Center (SIRC) Superior University- Gold Campus Superior Information Resource Center (SIRC) Superior University- Gold Campus 03/13/2023   5105.888 WOO-A 17694 03/13/2023 03/13/2023 BOOK

Powered by Koha